000 00880nam a2200217 a 4500
005 20240412063647.0
008 020510s2000 ve r 000 0 spa d
020 _a9806168607
035 _aUPN01000117267
049 _aCG
050 4 _aHF5635
_bC3.2
100 1 _aCatacora Carpio, Fernando
245 1 0 _aContabilidad /
_cFernando Catacora Carpio.
260 _aCaracas :
_bMcGraw-Hill Interamericana,
_c2000.
300 _axii, 356 p. :
_bil +
_e1 diskete de 3 1/2 plg.
500 _aIncluye un diskete de 3 1/2 plg. Solicítalo en Documentación.
500 _a"Software de contabilidad en ambiente windows, modelos contables en excel, láminas resumen en power point y problemas de estudio adicionales"
500 _aTítulo de la cubierta: Contabilidad : la base para las decisiones gerenciales
650 4 _aContabilidad
_xEstudio y enseñanza
_912260
905 _aLibro
999 _c89806
_d89806